| 000 | 01881cam a22002533a 4500 | ||
|---|---|---|---|
| 001 | 7116 | ||
| 003 | PGUSA | ||
| 005 | 20140828083140.0 | ||
| 008 | 041201s2004||||xxu|||||s|||||000 | eng d | ||
| 040 |
_aPGUSA _beng |
||
| 042 | _adc | ||
| 050 | 4 | _aQH | |
| 100 | 1 |
_aChambers, Robert, _d1802-1871 |
|
| 245 | 1 | 0 |
_aVestiges of the Natural History of Creation _h[electronic resource] / _cRobert Chambers |
| 260 |
_bProject Gutenberg, _c2004 |
||
| 505 | 0 | _aThe bodies of space, their arrangements and formation -- Constituent materials of the earth and of the other bodies of space -- The earth formed: era of the primary rocks -- Commencement of organic life: sea plants, corals, etc. -- Era of the old red sandstone: fishes abundant -- Secondary rocks; era of the carboniferous formation; land formed; commencement of land plants -- Era of the new red sandstone; terrestrial zoology commences with reptiles; first traces of birds -- Era of the oolite; commencement of mammalia -- Era of the cretaceous formation -- Era of the tertiary formation: mammalia abundant -- Era of the superficial formations: commencement of present species -- General considerations respecting the origin of the animated tribes -- Particular considerations respecting the origin of the animated tribes -- Hypothesis of the development of the vegetable and animal kingdoms -- MacLeay system of animated nature; this system considered in connexion with the progress of organic creation, and as indicating the natural status of man -- Early history of mankind -- Mental constitution of animals -- Purpose and general condition of the animated creation -- Note conclusory. | |
| 506 | _aPublic domain in the USA. | ||
| 516 | _aElectronic text | ||
| 653 | _aCreation | ||
| 653 | _aEvolution (Biology) | ||
| 830 | 0 |
_aProject Gutenberg _v7116 |
|
| 856 | 4 | 0 | _uhttp://www.gutenberg.org/ebooks/7116 |
| 942 | _cEB | ||
| 999 |
_c236436 _d236436 |
||